书目信息 |
| 题名: |
危重急症的诊断与治疗:内科学
|
|
| 作者: | 王德炳 , 张树基 主编 | |
| 分册: | ||
| 出版信息: | 北京 中国科学技术出版社 1995.01 |
|
| 页数: | 876页 | |
| 开本: | 16开 | |
| 丛书名: | ||
| 单 册: | ||
| 中图分类: | R505.97 | |
| 科图分类: | ||
| 主题词: | 内科学 | |
| 电子资源: | ||
| ISBN: | 7-5046-1236-7 | |
| 000 | 00643nam0 2200205 45 | |
| 001 | 0008021086 | |
| 005 | 20000802100947.3 | |
| 010 | @a7-5046-1236-7@d88.00元 | |
| 100 | @a20000802d1995 km y0chiy0120 ea | |
| 101 | 0 | @achi |
| 105 | @a z 000yy | |
| 200 | 1 | @a危重急症的诊断与治疗:内科学@AWei Zhong Ji Zheng De Zhen Duan Yu Zhi Liao:Nei Ke Xue@f王德炳,张树基主编@FWang De Bing,Zhang Shu Ji Zhu Bian |
| 210 | @a北京@c中国科学技术出版社@d1995.01 | |
| 215 | @a876页@d16开 | |
| 606 | 0 | @a内科学 |
| 690 | @aR505.97@v3 | |
| 701 | 0 | @a王德炳@4主编 |
| 701 | 0 | @a张树基@4主编 |
| 801 | @aCN@bPftUser@c20000802 | |
| 905 | @b84408-409@dR505.97@eW056@f2 | |
| 危重急症的诊断与治疗:内科学/王德炳,张树基主编.-北京:中国科学技术出版社,1995.01 |
| 876页;16开 |
| ISBN 7-5046-1236-7:88.00元 |
| ● |
| 相关链接 |
|
|
|
正题名:危重急症的诊断与治疗:内科学
索取号:R505.97/W056
 
预约/预借
| 序号 | 登录号 | 条形码 | 馆藏地/架位号 | 状态 | 备注 |
| 1 | 84408 | 200844088 | 自科库401/401自科库 17排4列5层/ [索取号:R505.97/W056] | 在馆 | |
| 2 | 84409 | 200844097 | 自科库401/401自科库 17排4列5层/ [索取号:R505.97/W056] | 在馆 |